Statistiques concernant Consoles avec des jeux Harry Potter

Cliquez ici pour prendre le quiz!

Statistiques générales

  • Ce quiz a été pris 203 fois
  • Le résultat moyen est 12 sur 18

Statistiques - réponses

#Consoles% Correct
2PlayStation
98%
5Xbox
92%
2Nintendo Switch
87%
7Nintendo DS
83%
6Wii
80%
7PlayStation 2
78%
8PlayStation 3
78%
3PlayStation 4
76%
2Game Boy Color
70%
1PlayStation 5
69%
7Xbox 360
64%
3Xbox One
64%
1Nintendo 3DS
60%
5PlayStation Portable
57%
5GameCube
54%
6Game Boy Advance
47%
1Xbox Series
46%
1PlayStation Vita
40%

Distribution des résultats

Percentile par nombre de réponses

% des personnes avec chaque résultat

Votre développement - résultats

Vous n’avez pas pris ce quiz